000 00888nam a22002417a 4500
005 2010072003513.0
008 100720t xxu||||| |||| 00| 0 eng d
010 _aENG-96429
020 _a9789380032443
_c250.00
035 _aEN-79962
037 _bWestland
040 _aDPL
_bENG
082 _a880
100 _aZaidi,Annie
_93634
245 _a Known turf :
_cby Annie Zaidi
_bbantering with bandits and other true tales /
260 _aChennai
_bTranquebar Press
_c2010
270 _aVenkat Towers, 165, P.H. Road, Opp. Maduravoyal Municipal Officer,
_bChennai
_e600095
300 _aviii,280 p.
_c20cm.(pbk)
650 _aReportage literature.
_93635
650 _aSocial problems
_xIndia.
_93636
942 _2ddc
_cEN
_mZAI
_h880
999 _c37104
_d37104